<?xml version="1.0" encoding="UTF-8"?><?xml-stylesheet type="text/xsl" href="static/style.xsl"?><OAI-PMH xmlns="http://www.openarchives.org/OAI/2.0/" xmlns:xsi="http://www.w3.org/2001/XMLSchema-instance" xsi:schemaLocation="http://www.openarchives.org/OAI/2.0/ http://www.openarchives.org/OAI/2.0/OAI-PMH.xsd"><responseDate>2026-04-27T21:27:26Z</responseDate><request verb="GetRecord" identifier="oai:uvadoc.uva.es:10324/14937" metadataPrefix="marc">https://uvadoc.uva.es/oai/request</request><GetRecord><record><header><identifier>oai:uvadoc.uva.es:10324/14937</identifier><datestamp>2021-06-23T11:43:49Z</datestamp><setSpec>com_10324_1181</setSpec><setSpec>com_10324_931</setSpec><setSpec>com_10324_894</setSpec><setSpec>col_10324_1387</setSpec></header><metadata><record xmlns="http://www.loc.gov/MARC21/slim" xmlns:doc="http://www.lyncode.com/xoai" xmlns:xsi="http://www.w3.org/2001/XMLSchema-instance" xmlns:dcterms="http://purl.org/dc/terms/" xsi:schemaLocation="http://www.loc.gov/MARC21/slim http://www.loc.gov/standards/marcxml/schema/MARC21slim.xsd">
<leader>00925njm 22002777a 4500</leader>
<datafield tag="042" ind1=" " ind2=" ">
<subfield code="a">dc</subfield>
</datafield>
<datafield tag="720" ind1=" " ind2=" ">
<subfield code="a">Jimeno Bulnes, Natalia</subfield>
<subfield code="e">author</subfield>
</datafield>
<datafield tag="720" ind1=" " ind2=" ">
<subfield code="a">Jimeno, A.</subfield>
<subfield code="e">author</subfield>
</datafield>
<datafield tag="720" ind1=" " ind2=" ">
<subfield code="a">Hornero Sánchez, Roberto</subfield>
<subfield code="e">author</subfield>
</datafield>
<datafield tag="720" ind1=" " ind2=" ">
<subfield code="a">Alonso Alonso, Alonso</subfield>
<subfield code="e">author</subfield>
</datafield>
<datafield tag="720" ind1=" " ind2=" ">
<subfield code="a">Espino, P.</subfield>
<subfield code="e">author</subfield>
</datafield>
<datafield tag="260" ind1=" " ind2=" ">
<subfield code="c">1999</subfield>
</datafield>
<datafield tag="520" ind1=" " ind2=" ">
<subfield code="a">The objective of this study was the assessment of neuropsychological performance in a sample of schizophrenic patients using a new computer-administered instrument, the Test of Random Rhythm Generation (ARG). The test was applied to a group of 20 DSM-IV schizophrenic patients (SG) and 20 sex- and age-matched controls (CG). The Positive and Negative Syndrome Scale (PANSS) and Frankfurt Complaint Questionnaire (Frankfurter Beschwerdefragebogen, FBF) were used to study patients' psychopathology. The neuroleptic treatment received by each patient during the last month was converted into daily equivalents of chlorpromazine. In the ARG, the subject is asked to press the space key of the computer at a rhythm as irregular as possible. The test aims at assessing the individual's ability to create random rhythms by means of sequences of blows, which is hypothetically associated with a high neuropsychological performance. The data were analyzed by means of three different mathematical techniques. Results showed that schizophrenic patients generated more regular and rhythmic sequences than controls (correlation dimension in SG = 2.78 +/- 0.81, in CG = 3.69 +/- 0.64, p &lt; 0.01). This suggests that neuropsychological performance measured by the ARG was worse in patients compared to controls. ARG is proposed as a new technique to evaluate neuropsychological performance with the following advantages: (1) its short-time application tit usually takes no more than 10 minutes), (2) personnel only require a short training to learn how to apply it, and (3) different analyses of the data are quickly carried out by the computer program.</subfield>
</datafield>
<datafield tag="024" ind2=" " ind1="8">
<subfield code="a">Neurology Psychiatry and Brain Research, 1999; 7(3):137-142</subfield>
</datafield>
<datafield tag="024" ind2=" " ind1="8">
<subfield code="a">0941-9500</subfield>
</datafield>
<datafield tag="024" ind2=" " ind1="8">
<subfield code="a">http://uvadoc.uva.es/handle/10324/14937</subfield>
</datafield>
<datafield tag="024" ind2=" " ind1="8">
<subfield code="a">137</subfield>
</datafield>
<datafield tag="024" ind2=" " ind1="8">
<subfield code="a">3</subfield>
</datafield>
<datafield tag="024" ind2=" " ind1="8">
<subfield code="a">142</subfield>
</datafield>
<datafield tag="024" ind2=" " ind1="8">
<subfield code="a">Neurology Psychiatry and Brain Research</subfield>
</datafield>
<datafield tag="024" ind2=" " ind1="8">
<subfield code="a">7</subfield>
</datafield>
<datafield ind1=" " ind2=" " tag="653">
<subfield code="a">Esquizofrenia</subfield>
</datafield>
<datafield tag="245" ind1="0" ind2="0">
<subfield code="a">The test of Random Rhythm Generation and neuropsychological performance in schizophrenic patients</subfield>
</datafield>
</record></metadata></record></GetRecord></OAI-PMH>